Т. 1: Теория электромагнитного поля. Теория относительности. Статистическая физика. Электромагнитные процессы в веществе; Курс теоретической физики

Bibliografske podrobnosti
Parent link:Курс теоретической физики: учебное пособие/ В. Г. Левич. Т. 1: Теория электромагнитного поля. Теория относительности. Статистическая физика. Электромагнитные процессы в веществе.— , 1962-
Jezik:ruščina
Izdano: 1962
Teme:
Format: Knjiga
KOHA link:https://koha.lib.tpu.ru/cgi-bin/koha/opac-detail.pl?biblionumber=247145

MARC

LEADER 00000nam2a2200000 4500
001 247145
005 20231101232256.0
035 |a (RuTPU)RU\TPU\book\268618 
035 |a RU\TPU\book\34577 
090 |a 247145 
100 |a 20131217d1962 m y0rusy50 ca 
101 0 |a rus 
102 |a RU 
105 |a y j 000zy 
200 0 |a Т. 1: Теория электромагнитного поля. Теория относительности. Статистическая физика. Электромагнитные процессы в веществе 
210 |d 1962 
215 |a 695 с. 
461 1 |0 (RuTPU)RU\TPU\book\54259  |t Курс теоретической физики  |o учебное пособие  |o в 2 т.  |f В. Г. Левич  |v Т. 1: Теория электромагнитного поля. Теория относительности. Статистическая физика. Электромагнитные процессы в веществе  |d 1962- 
606 1 |a Физика теоретическая  |2 stltpush  |3 (RuTPU)RU\TPU\subj\63728  |9 80703 
610 1 |a теоретическая физика 
610 1 |a электромагнитные поля 
610 1 |a теория относительности 
610 1 |a статистическая физика 
610 1 |a вещества 
610 1 |a электромагнитные процессы 
610 1 |a учебные пособия 
675 |a 530.1(07)  |v 3 
801 0 |a RU  |b 63413507  |c 20011210  |g PSBO 
801 2 |a RU  |b 63413507  |c 20150915  |g PSBO 
900 |a Теоретическая физика 
942 |c BK